Poetical works Vol I (Record no. 130213)

MARC details
000 -LEADER
fixed length control field 00582nam a2200241Ia 4500
003 - CONTROL NUMBER IDENTIFIER
control field OSt
005 - DATE AND TIME OF LATEST TRANSACTION
control field 20231129111154.0
008 - FIXED-LENGTH DATA ELEMENTS--GENERAL INFORMATION
fixed length control field 210210b1903 xxu||||| |||| 00| 0 eng d
040 ## - CATALOGING SOURCE
Transcribing agency AL
041 ## - LANGUAGE CODE
Language code of text/sound track or separate title eng
082 ## - DEWEY DECIMAL CLASSIFICATION NUMBER
Classification number 821/367
100 ## - MAIN ENTRY--PERSONAL NAME
Personal name LONGFELLOW (H W)
9 (RLIN) 143740
245 ## - TITLE STATEMENT
Title Poetical works Vol I
260 ## - PUBLICATION, DISTRIBUTION, ETC.
Place of publication, distribution, etc. London
Name of publisher, distributor, etc. Oxford University Press
Date of publication, distribution, etc. 1903
440 ## - SERIES STATEMENT/ADDED ENTRY--TITLE
Title I
9 (RLIN) 143741
650 ## - SUBJECT ADDED ENTRY--TOPICAL TERM
Topical term or geographic name entry element works
9 (RLIN) 143742
650 ## - SUBJECT ADDED ENTRY--TOPICAL TERM
Topical term or geographic name entry element Vol
9 (RLIN) 143743
650 ## - SUBJECT ADDED ENTRY--TOPICAL TERM
Topical term or geographic name entry element Poetical
9 (RLIN) 143744
650 ## - SUBJECT ADDED ENTRY--TOPICAL TERM
Topical term or geographic name entry element I
9 (RLIN) 143745
690 ## - LOCAL SUBJECT ADDED ENTRY--TOPICAL TERM (OCLC, RLIN)
Topical term or geographic name as entry element English Literature
9 (RLIN) 143746
906 ## - LOCAL DATA ELEMENT F, LDF (RLIN)
a 011536
942 ## - ADDED ENTRY ELEMENTS (KOHA)
Source of classification or shelving scheme Dewey Decimal Classification
Koha item type Book
Holdings
Withdrawn status Lost status Damaged status Not for loan Collection code Home library Current library Shelving location Date acquired Cost, normal purchase price Total Checkouts Full call number Barcode Date last seen Price effective from Koha item type
          St Aloysius Library St Aloysius Library   02/17/2021 0.00   821/366 011535 02/17/2021 02/17/2021 Book
          St Aloysius Library St Aloysius Library   02/17/2021 0.00   821/367 011536 02/17/2021 02/17/2021 Book